[Event "Mazowieckie-chT 0506"]
[Site "Poland"]
[Date "2005.12.04"]
[Round "5"]
[White "Pinski, Jan"]
[Black "Krawczyk, Cezary"]
[Result "1-0"]
[WhiteElo "2352"]
[BlackElo "2000"]
[PlyCount "109"]
[EventDate "2005.10.09"]
[EventType "team-tourn"]
[EventRounds "9"]
[EventCountry "POL"]
[SourceTitle "EXT 2019"]
[Source "ChessBase"]
[SourceDate "2018.10.10"]
[SourceVersion "1"]
[SourceVersionDate "2018.10.10"]
[SourceQuality "1"]

1. e4 e6 2. d4 d5 3. Nc3 Bb4 4. Nge2 dxe4 5. a3 Be7 6. Nxe4 Nf6 7. Qd3 Nxe4 8. Qxe4 Qd5 9. Nc3 Qxe4+ 10. Nxe4 Nc6 11. Be3 b6 12. 0-0-0 Bb7 13. Bc4 0-0-0 14. f3 h6 15. b4 a5 16. c3 axb4 17. axb4 Na7 18. Kb2 Bd5 19. Bd3 b5 20. Ra1 Kb7 21. Ra5 c6 22. Rha1 Ra8 23. Ra6 g5 24. Bf2 f5 25. Nc5+ Bxc5 26. dxc5 Rhb8 27. Rb6+ Kc8 28. Bd4 Rb7 29. Be5 h5 30. Kc2 g4 31. Be2 Rd7 32. h3 Rf7 33. Kd2 Kd8 34. Ke3 Ke8 35. Rba6 Rh7 36. Kf4 Kf8 37. Bf1 gxh3 38. gxh3 Kg8 39. h4 Rd7 40. Be2 Kh7 41. Bd6 Rg7 42. Ke5 Kh6 43. Kd4 Rg2 44. Bf4+ Kg6 45. Bf1 Rf2 46. Ke5 Rxf3 47. Be2 Rf2 48. Rg1+ Rg2 49. Raa1 Kh7 50. Rxg2 Bxg2 51. Bxh5 Bd5 52. Be2 Bb3 53. Ra3 Ba4 54. c4 Kg7 55. Rd3 1-0

[Event "Mazowieckie-chT 0405"]
[Site "Poland"]
[Date "2005.02.06"]
[Round "9"]
[White "Izdebski, Slawomir"]
[Black "Krawczyk, Cezary"]
[Result "0-1"]
[WhiteElo "2000"]
[BlackElo "2000"]
[PlyCount "84"]
[EventDate "2004.10.03"]
[EventType "team-tourn"]
[EventRounds "10"]
[EventCountry "POL"]
[SourceTitle "EXT 2019"]
[Source "ChessBase"]
[SourceDate "2018.10.10"]
[SourceVersion "1"]
[SourceVersionDate "2018.10.10"]
[SourceQuality "1"]

1. d4 d5 2. c4 c6 3. Nc3 Nf6 4. cxd5 cxd5 5. Nf3 Nc6 6. e3 Bf5 7. Bb5 e6 8. Ne5 Rc8 9. 0-0 Bd6 10. f4 0-0 11. Bd2 Qb6 12. b3 Nb4 13. Be2 Nc2 14. Na4 Qd8 15. Rb1 a6 16. g4 Be4 17. g5 b5 18. Nb2 Nd7 19. Nxd7 Qxd7 20. Bd3 f5 21. Qe2 Nb4 22. Bxb4 Bxb4 23. a4 Rc3 24. Bxe4 dxe4 25. axb5 axb5 26. Rfc1 Rfc8 27. Rxc3 Rxc3 28. Nd1 Rc7 29. Nf2 Qc6 30. Ra1 Bc3 31. Ra3 Bxd4 32. Kg2 Bb6 33. b4 Rc8 34. h4 e5 35. fxe5 f4 36. Qa2+ Kf8 37. Kh3 fxe3 38. Ng4 Qc1 39. Ra8 Qf1+ 40. Kh2 Qf4+ 41. Kh1 Qxg4 42. e6 Qh3+ 0-1

[Event "Mazowieckie-chT 0405"]
[Site "Poland"]
[Date "2004.12.12"]
[Round "6"]
[White "Krawczyk, Cezary"]
[Black "Komarowski, Krzysztof"]
[Result "1-0"]
[WhiteElo "2000"]
[BlackElo "1800"]
[PlyCount "115"]
[EventDate "2004.10.03"]
[EventType "team-tourn"]
[EventRounds "10"]
[EventCountry "POL"]
[SourceTitle "EXT 2019"]
[Source "ChessBase"]
[SourceDate "2018.10.10"]
[SourceVersion "1"]
[SourceVersionDate "2018.10.10"]
[SourceQuality "1"]

1. e4 c5 2. Nf3 Nc6 3. d3 e5 4. g3 Nf6 5. Bg2 Be7 6. 0-0 0-0 7. c3 d6 8. a4 Bd7 9. Qe2 Qc8 10. Na3 Be6 11. Ng5 Bb3 12. Nc4 Bxc4 13. dxc4 a5 14. Nf3 h6 15. Nh4 Nh7 16. Nf5 Qe6 17. h4 Kh8 18. Kh2 Rg8 19. Bh3 Qf6 20. Ne3 Bf8 21. Nd5 Qd8 22. Qf3 Ne7 23. Qxf7 Nxd5 24. exd5 Be7 25. Qg6 Qe8 26. Qd3 Rf8 27. Be3 Nf6 28. Be6 Qh5 29. Qd1 Qg6 30. g4 Nh7 31. h5 Qf6 32. f3 Ng5 33. Bf5 e4 34. f4 Nf3+ 35. Rxf3 exf3 36. Qxf3 Rae8 37. Kg2 Bd8 38. Bf2 Re7 39. Rh1 Qf7 40. Bh4 Rd7 41. Bg3 Re7 42. Bg6 Qg8 43. Bh4 Ref7 44. Bxf7 Qxf7 45. Bxd8 Rxd8 46. Re1 Qd7 47. b3 Rf8 48. Re6 Qd8 49. Kg3 Qd7 50. Qe4 Qd8 51. Qg6 Qb6 52. Re8 Rxe8 53. Qxe8+ Kh7 54. g5 hxg5 55. fxg5 Qxb3 56. Qe3 Qxa4 57. g6+ Kh8 58. Qe6 1-0